| Поле | Инд. | ПП | Название | Значение |
|---|---|---|---|---|
| Тип записи | a | |||
| Библиографический уровень | m | |||
| 001 | Контрольный номер | RU/IS/BASE/222533142 | ||
| 005 | Дата корректировки | 20230315155057.8 | ||
| 008 | Кодируемые данные | 070129|||||||||ru |||||||||||000|||rus|| | ||
| 020 | c | Цена, тираж | 200-00 | |
| 040 | b | Код языка каталог. | rus | |
| e | Правила каталог. | PSBO | ||
| 041 | 0_ | a | Код языка текста | rus |
| 084 | a | Индекс другой классификации/Индекс ББК | 33.36+26.221,8 | |
| 090 | a | Полочн. индекс | 33 | |
| x | Авторский знак | Н 58 | ||
| 245 | 10 | a | Заглавие | Нефть и газ арктического шельфа 2006 |
| b | Продолж. заглавия | материалы междунар. конф., Мурманск, 15 - 17 нояб. 2006 | ||
| c | Ответственность | М-во природ. ресурсов РФ [и др. ; под общ. ред. Г. Г. Матишова] | ||
| n | Номер части/ раздела | Секция 5 | ||
| p | Название части/ раздела | Геоэкология, мониторинг и охрана окружающей среды | ||
| 260 | a | Место издания | Мурманск | |
| b | Издательство | Изд-во ММБИ КНЦ РАН | ||
| c | Дата издания | 2006 | ||
| 300 | a | Объем | 327 с. | |
| 583 | x | Служебное примечание | Арктические исследования | |
| x | Служебное примечание | Краеведческий каталог | ||
| 650 | 04 | a | Основная рубрика | Нефтегазовое производство-Влияние на окружающую среду-Сборники |
| 651 | _4 | a | Географическое наименование | Баренцево море |
| 653 | 0_ | a | Ключевые слова | Геоэкология |
| a | Ключевые слова | Загрязнение окружающей среды | ||
| a | Ключевые слова | Морской шельф | ||
| a | Ключевые слова | Нефтегазовое производство | ||
| a | Ключевые слова | Ресурсы нефтегазовые | ||
| a | Ключевые слова | Освоение шельфа | ||
| a | Ключевые слова | Экологический мониторинг | ||
| a | Ключевые слова | Исследования арктические | ||
| 700 | 12 | a | Другие авторы | Матишов Г. Г. |
| e | Роль лиц | ред. | ||
| 901 | t | Тип документа | m |